000 00440nam a22001577a 4500
999 _c7622
_d7620
005 20210327130619.0
008 210315b ||||| |||| 00| 0 eng d
041 _aeng
082 _a346.066
100 _aAIYAR, A.N
_96466
245 _aREPORTS OF COMPANY CASES INCLUDING CASES OF BANKING AND INSURENCE [VOL-106]
260 _aCHENNAI
_bCOMPANY LAW INSTITUTE OF INDIA
_c2001
300 _a736;i-xxxi,p
650 _aLAW
_95701
942 _cBK